000 00506nam a22001937a 4500
003 MPLRDC
005 20220104142550.0
008 210129b ||||| |||| 00| 0 eng d
020 _a957-544-467-1
082 _a889 LQXL v.123
100 _aTERRI HERRINGTON
245 _a希莲娜, 我的爱
_c董亦蓝译
250 _a初版
260 _a
_b希代书版有限公司
_c1993
300 _b
490 _a柔情系列. 123
650 _a西洋小说之中文翻译
942 _cBK
_o889 LQXL v.123
999 _c31916
_d31906